[Event "Prebor mesta Vsetina 2017"]
[Site "?"]
[Date "2017.07.01"]
[Round "1"]
[White "Zadrapa, Radek"]
[Black "Roubalik, Jakub"]
[Result "0-1"]
[WhiteElo "2060"]
[BlackElo "2391"]
[PlyCount "110"]
[EventDate "2017.??.??"]

1.e4 c5 2.Nf3 d6 3.d4 cxd4 4.Qxd4 a6 5.Bc4 Nc6 6.Qd3 Nf6 7.a4 e6 8.Nc3 Be7 9.
O-O O-O 10.Bf4 Qc7 11.Bb3 Ne5 12.Qe2 b6 13.Rad1 Bb7 14.Nd4 Rac8 15.Bc1 Nc4 16.
f4 Rfe8 17.Rfe1 Bf8 18.Qd3 e5 19.fxe5 dxe5 20.Nf5 Qc5+ 21.Ne3 Nd6 22.Bd5 Bxd5
23.Nxd5 Ndxe4 24.b4 Qc6 25.Qxa6 Nxd5 26.Nxd5 Nc3 27.b5 Qc4 28.Nxc3 Bc5+ 29.Be3
Qxc3 30.Bxc5 Qxc5+ 31.Kh1 Ra8 32.Qb7 Rxa4 33.Qc6 Qxc6 34.bxc6 Rc4 35.Rxe5 Kf8
36.Rb5 Rxc6 37.h3 Re2 38.Rd8+ Ke7 39.Rb8 Rcxc2 40.R8xb6 g6 41.Rg5 Re1+ 42.Kh2
h5 43.Rb4 Kf6 44.h4 Rf1 45.Rgb5 Rff2 46.Rg5 Kg7 47.Kg1 Rfe2 48.Kh2 Rf2 49.Kg1
Rf6 50.Rgb5 Rc1+ 51.Kh2 Rff1 52.Rb3 Rh1+ 53.Kg3 Rc4 54.Rb7 Rhxh4 55.Rf3 Rcg4+
0-1

[Event "Prebor mesta Vsetina 2017"]
[Site "?"]
[Date "2017.07.01"]
[Round "1"]
[White "Jasny, Stanislav"]
[Black "Gratze, Michael"]
[Result "1-0"]
[WhiteElo "2363"]
[BlackElo "2057"]
[PlyCount "77"]
[EventDate "2017.??.??"]

1.e4 c5 2.Nf3 d6 3.d4 cxd4 4.Nxd4 Nf6 5.Nc3 g6 6.Be3 a6 7.f3 b5 8.Qd2 Bb7 9.g4
Nbd7 10.g5 Nh5 11.O-O-O Rc8 12.Kb1 Ne5 13.Qf2 Bg7 14.Nb3 Nc4 15.Bxc4 Rxc4 16.
Bb6 Qc8 17.Na5 Rxc3 18.Nxb7 Qxb7 19.bxc3 O-O 20.Bd4 b4 21.c4 Rc8 22.Bxg7 Nxg7
23.e5 dxe5 24.Rhe1 Qc7 25.Rd5 Qxc4 26.Rexe5 Ne6 27.Qd2 Qf1+ 28.Qd1 Qc4 29.Re4
Qc3 30.Qd3 Qc7 31.Qd2 a5 32.f4 Qc6 33.h4 Qa8 34.h5 Nc7 35.Rd7 Nb5 36.Ka1 f5
37.Rexe7 Qh1+ 38.Kb2 Qa8 39.Rg7+ 1-0

[Event "Prebor mesta Vsetina 2017"]
[Site "?"]
[Date "2017.07.01"]
[Round "1"]
[White "Malinovsky, Petr"]
[Black "Sosna, Jan"]
[Result "1/2-1/2"]
[WhiteElo "2019"]
[BlackElo "2341"]
[PlyCount "60"]
[EventDate "2017.??.??"]

1.d4 d5 2.c4 e6 3.Nc3 c6 4.e4 dxe4 5.Nxe4 Bb4+ 6.Nc3 c5 7.Be3 Nf6 8.a3 Bxc3+
9.bxc3 Qa5 10.Bd2 Ne4 11.Bd3 Nxd2 12.Qxd2 O-O 13.Nf3 Nc6 14.Ra2 b6 15.O-O cxd4
16.Qc2 dxc3 17.Bxh7+ Kh8 18.Qe4 g6 19.Qxc6 Ba6 20.Bxg6 Rac8 21.Qd6 Bxc4 22.
Qd4+ Kg8 23.Bd3 Bxa2 24.Qg4+ Kh8 25.Ng5 Qe5 26.Qh4+ Kg7 27.Nf3 Qc5 28.Qh7+ Kf6
29.Qh4+ Kg7 30.Qh7+ Kf6 1/2-1/2

[Event "Prebor mesta Vsetina 2017"]
[Site "?"]
[Date "2017.07.01"]
[Round "1"]
[White "Weinzettl, Ernst"]
[Black "Kuchar, Matej"]
[Result "0-1"]
[WhiteElo "2290"]
[BlackElo "2018"]
[PlyCount "96"]
[EventDate "2017.??.??"]

1.e4 c5 2.Nf3 Nc6 3.Bb5 g6 4.Bxc6 dxc6 5.d3 Bg7 6.h3 Nf6 7.Nc3 O-O 8.Be3 b6 9.
Qd2 Re8 10.Bh6 e5 11.O-O-O a5 12.g4 a4 13.Rdg1 Ra7 14.Nh4 a3 15.b3 Qd4 16.Be3
Qd6 17.Nb1 Rd8 18.f3 Be6 19.Qf2 Ne8 20.Ng2 Nc7 21.h4 h6 22.Ne1 Nb5 23.Qd2 Kh7
24.Nc3 Nd4 25.Kb1 b5 26.Ne2 Rb7 27.Bxd4 cxd4 28.f4 exf4 29.Nf3 Qd7 30.Qxf4 c5
31.Ng3 c4 32.Nf5 cxb3 33.cxb3 Qc7 34.Qxc7 Rxc7 35.Nxg7 Kxg7 36.g5 Rc3 37.gxh6+
Kxh6 38.h5 g5 39.Nxg5 Rxd3 40.Nxe6 fxe6 41.Rg6+ Kh7 42.Rxe6 Rc3 43.e5 d3 44.
Rd1 Rc2 45.Rd6 Rb2+ 46.Ka1 Rc8 47.Rd7+ Kh8 48.Rf1 d2 0-1

[Event "Prebor mesta Vsetina 2017"]
[Site "?"]
[Date "2017.07.01"]
[Round "1"]
[White "Brousek, Jiri"]
[Black "Wiewiora, Eneasz"]
[Result "0-1"]
[WhiteElo "2016"]
[BlackElo "2290"]
[PlyCount "48"]
[EventDate "2017.??.??"]

1.d4 Nf6 2.Nf3 e6 3.c4 d5 4.Nc3 Be7 5.Bf4 O-O 6.e3 Nbd7 7.h3 c6 8.Bd3 dxc4 9.
Bxc4 Nd5 10.Bg3 N7f6 11.Qc2 c5 12.O-O cxd4 13.exd4 b6 14.Rad1 Bb7 15.Ne5 Rc8
16.Rfe1 Nxc3 17.bxc3 Nd5 18.Bxd5 Qxd5 19.f3 Bb4 20.Re3 f6 21.Ng4 f5 22.Qb2
fxg4 23.cxb4 gxf3 24.Rf1 Qg5 0-1

[Event "Prebor mesta Vsetina 2017"]
[Site "?"]
[Date "2017.07.01"]
[Round "1"]
[White "Stepan, Patrik"]
[Black "Hrabovsky, Vladimir"]
[Result "1-0"]
[WhiteElo "2268"]
[BlackElo "2000"]
[PlyCount "59"]
[EventDate "2017.??.??"]

1.d4 d5 2.c4 e6 3.Nf3 Nf6 4.g3 Be7 5.Bg2 O-O 6.O-O c6 7.Qc2 Nbd7 8.Nbd2 b6 9.
e4 dxe4 10.Nxe4 Bb7 11.Ne5 c5 12.Nxf6+ gxf6 13.Bxb7 fxe5 14.Bxa8 Qxa8 15.Bh6
exd4 16.Bxf8 Bxf8 17.Rae1 Bg7 18.Qe4 Qc8 19.f4 Nf6 20.Qf3 h5 21.f5 exf5 22.
Qxf5 Qxf5 23.Rxf5 h4 24.gxh4 Ng4 25.Re8+ Kh7 26.Rxf7 Kg6 27.Rxa7 d3 28.Rg8 d2
29.Rgxg7+ Kf5 30.Rgd7 1-0

[Event "Prebor mesta Vsetina 2017"]
[Site "?"]
[Date "2017.07.01"]
[Round "1"]
[White "Mica, Marek"]
[Black "Mudrak, Josef"]
[Result "0-1"]
[WhiteElo "1974"]
[BlackElo "2264"]
[PlyCount "138"]
[EventDate "2017.??.??"]

1.d4 Nf6 2.c4 e6 3.Nf3 Bb4+ 4.Nbd2 O-O 5.g3 d5 6.Qc2 c6 7.a3 Be7 8.Bg2 b5 9.b3
Nbd7 10.O-O bxc4 11.bxc4 Ba6 12.Qa4 Qc8 13.Qc2 Rb8 14.Re1 c5 15.cxd5 exd5 16.
dxc5 Bxc5 17.e3 Re8 18.Nb3 Ne4 19.Nbd4 Qb7 20.Bd2 Rec8 21.Rab1 Bb6 22.Qa2 Bc4
23.Qa1 Ndc5 24.Nf5 f6 25.Bb4 Bd3 26.Rb2 g6 27.Bxc5 Rxc5 28.N5d4 Qd7 29.Bf1
Bxf1 30.Rxf1 Rbc8 31.Kg2 Ba5 32.Nb3 Rb5 33.Nxa5 Rxa5 34.Nd2 Ng5 35.Rb4 Kg7 36.
Rf4 Qe7 37.a4 Ne6 38.Rf3 Rb8 39.Rb1 Rxb1 40.Nxb1 Nc5 41.Rf4 g5 42.Rb4 Nd3 43.
Rd4 Ne1+ 44.Kf1 Nc2 45.Qb2 Nxd4 46.Qxd4 Qe4 47.Qxe4 dxe4 48.Nc3 f5 49.Ke2 Kf6
50.g4 Ke5 51.gxf5 Kxf5 52.f3 exf3+ 53.Kxf3 h5 54.Kg3 a6 55.Kf3 Rc5 56.Ne2 Rc4
57.Nd4+ Ke5 58.a5 Rxd4 59.exd4+ Kxd4 60.h3 Kd3 61.Kf2 Kc4 62.Ke3 Kb5 63.Ke4
Kxa5 64.Kf5 g4 65.hxg4 hxg4 66.Kxg4 Kb4 67.Kf3 Kb3 68.Ke2 a5 69.Kd2 Kb2 0-1

[Event "Prebor mesta Vsetina 2017"]
[Site "?"]
[Date "2017.07.01"]
[Round "1"]
[White "Babula, Milan"]
[Black "Russel, Bernhard"]
[Result "1/2-1/2"]
[WhiteElo "2244"]
[BlackElo "1928"]
[PlyCount "135"]
[EventDate "2017.??.??"]

1.e4 c6 2.d4 d5 3.Nc3 dxe4 4.Nxe4 Nd7 5.c4 Ngf6 6.Nc3 e6 7.Nf3 Qc7 8.Bd3 b6 9.
O-O Bd6 10.b3 O-O 11.Bb2 Bb7 12.Rc1 Rad8 13.h3 a6 14.Qe2 Rfe8 15.c5 bxc5 16.
Bxa6 cxd4 17.Nxd4 Bf4 18.Rc2 e5 19.Nf5 Bxa6 20.Qxa6 Nc5 21.Qc4 Nd3 22.Ne4 Nxe4
23.Qxe4 Nxb2 24.Rxb2 g6 25.Ne3 Rd4 26.Qf3 Red8 27.Rc2 e4 28.Qe2 Rd3 29.Nc4 f5
30.Nb2 Rd2 31.Qc4+ Kf8 32.Qc3 Rxc2 33.Qxc2 Rd2 34.Qc3 Kg8 35.Rd1 Qd7 36.Rxd2
Bxd2 37.Qc4+ Kg7 38.Nd1 Be1 39.Qe2 Ba5 40.Ne3 Bb6 41.Nc4 Bc5 42.Kf1 Kf6 43.Qc2
Qd4 44.Qb2 Qxb2 45.Nxb2 Ke5 46.Ke2 g5 47.Nc4+ Kd5 48.g4 f4 49.f3 exf3+ 50.Kxf3
Be7 51.Nd2 Bc5 52.Ne4 Be7 53.a4 h6 54.a5 c5 55.Nc3+ Kc6 56.Ke4 Bd8 57.a6 Kb6
58.Na4+ Kxa6 59.Nxc5+ Kb5 60.Nd3 Bc7 61.Kd5 Bb6 62.Ke4 Bc7 63.Kf5 Kc6 64.Ke4
Bd6 65.Ne1 Kc5 66.Nd3+ Kc6 67.Ne1 Kc5 68.Nd3+ 1/2-1/2

[Event "Prebor mesta Vsetina 2017"]
[Site "?"]
[Date "2017.07.01"]
[Round "1"]
[White "Kovarik, Matyas"]
[Black "Karlik, Vladimir"]
[Result "0-1"]
[WhiteElo "1890"]
[BlackElo "2207"]
[PlyCount "62"]
[EventDate "2017.??.??"]

1.e4 g6 2.d4 Bg7 3.f4 d5 4.e5 c5 5.c3 cxd4 6.cxd4 Nc6 7.Nc3 Nh6 8.Be2 O-O 9.g4
f6 10.h3 Nf7 11.Nf3 e6 12.O-O Bd7 13.b3 Rc8 14.Ba3 Re8 15.Na4 fxe5 16.fxe5 Bf8
17.Bxf8 Rxf8 18.Rc1 Ng5 19.Nxg5 Rxf1+ 20.Bxf1 Qxg5 21.Rc3 Qf4 22.Bb5 Nxd4 23.
Bxd7 Rxc3 24.Nxc3 Qg3+ 25.Kf1 Qxh3+ 26.Kf2 Qxc3 27.g5 Kf7 28.Qg4 Ke7 29.Qh4
Kxd7 30.Qxh7+ Kc6 31.Qxg6 Qf3+ 0-1

[Event "Prebor mesta Vsetina 2017"]
[Site "?"]
[Date "2017.07.01"]
[Round "1"]
[White "Koutny, Petr"]
[Black "Dungl, Petr"]
[Result "1/2-1/2"]
[WhiteElo "1921"]
[BlackElo "2189"]
[PlyCount "174"]
[EventDate "2017.??.??"]

1.e4 c5 2.c3 Nf6 3.e5 Nd5 4.d4 cxd4 5.cxd4 Nc6 6.Nf3 d6 7.Bc4 Nb6 8.Bb3 Na5 9.
Bc2 dxe5 10.Nxe5 Nc6 11.Nxc6 bxc6 12.O-O e6 13.Qf3 Nd5 14.Nc3 Be7 15.Qe4 Bd7
16.Rd1 h5 17.a3 f5 18.Qe2 g5 19.Bd2 Kf7 20.Nxd5 cxd5 21.b4 Bd6 22.Bd3 g4 23.b5
Qf6 24.Bb4 Bb8 25.b6 axb6 26.Bb5 Ra7 27.Bxd7 Rxd7 28.Qb5 Qd8 29.Rac1 Bd6 30.
Rc6 Bxb4 31.Qxb4 Qe7 32.Qe1 Rd6 33.Rc3 Ra8 34.Rdc1 Ra4 35.Qe5 Rc4 36.Rxc4 dxc4
37.Rxc4 Qd8 38.Qf4 Kg6 39.a4 Rd5 40.h3 gxh3 41.g3 Qd6 42.Qxd6 Rxd6 43.Kh2 f4
44.Kxh3 fxg3 45.fxg3 Kg5 46.Rb4 Rc6 47.Rb5+ Kg6 48.Re5 Rd6 49.Re4 Kg5 50.Kg2
Kf6 51.Rf4+ Kg5 52.Re4 Kf6 53.Kf3 Rd5 54.Rf4+ Kg6 55.Ke4 Ra5 56.Rf3 b5 57.axb5
Rxb5 58.Rf8 Kg7 59.Rc8 Rg5 60.Rc3 Kf6 61.Rf3+ Kg7 62.Ke3 Rg4 63.Kd3 Kg6 64.Re3
Kf6 65.Kc4 h4 66.gxh4 Rxh4 67.Kd3 Rh5 68.Rf3+ Ke7 69.Kc4 Kd6 70.Ra3 Rh6 71.
Ra6+ Kd7 72.Rb6 Rh5 73.Rb1 Kd6 74.Ra1 Rg5 75.Ra7 Rh5 76.Ra8 Rg5 77.Rb8 Rh5 78.
Rd8+ Ke7 79.Rc8 Kd6 80.Rg8 Rf5 81.Kd3 Rh5 82.Kc4 Rf5 83.Rc8 Rh5 84.Rc5 Rxc5+
85.dxc5+ Kc6 86.Kd4 e5+ 87.Kxe5 Kxc5 1/2-1/2

[Event "Prebor mesta Vsetina 2017"]
[Site "?"]
[Date "2017.07.01"]
[Round "1"]
[White "Ambrozova, Lucie"]
[Black "Bednarik, Josef"]
[Result "1/2-1/2"]
[WhiteElo "1875"]
[BlackElo "2183"]
[PlyCount "143"]
[EventDate "2017.??.??"]

1.e4 c5 2.Nf3 Nc6 3.d4 cxd4 4.Nxd4 Nf6 5.Nc3 e5 6.Ndb5 d6 7.Nd5 Nxd5 8.exd5
Nb8 9.c4 Be7 10.Be2 O-O 11.f4 a6 12.Nc3 Nd7 13.fxe5 Nxe5 14.O-O f5 15.Be3 Bd7
16.c5 Rc8 17.b4 Be8 18.Bd4 Ng6 19.c6 bxc6 20.Bxa6 Rb8 21.dxc6 Rxb4 22.Nd5 Rxd4
23.Qxd4 Bxc6 24.Qc4 Bxd5 25.Qxd5+ Kh8 26.Bd3 Bf6 27.Rab1 Be5 28.Rxf5 Re8 29.
Rh5 Nf8 30.Rf1 Bf6 31.Rxh7+ Nxh7 32.Qh5 Kg8 33.Qxh7+ Kf8 34.Qh8+ Kf7 35.Qh5+
Kf8 36.Bc4 Qb6+ 37.Kh1 Ke7 38.Re1+ Be5 39.Rf1 Kd8 40.Qh4+ Bf6 41.Qg4 Qb7 42.
Rd1 Qb6 43.Qf5 Re5 44.Qd3 Ke7 45.a4 Qb4 46.Rb1 Re1+ 47.Rxe1+ Qxe1+ 48.Qf1 Qb4
49.Bb5 Be5 50.Qf3 g5 51.Qb7+ Kf6 52.Qf3+ Kg7 53.Qf5 Qe1+ 54.Bf1 Bf4 55.Qd3 Qa1
56.Qc4 Kf6 57.h4 Qe1 58.hxg5+ Kxg5 59.Qd5+ Kf6 60.Qf3 Kg5 61.Qd5+ Be5 62.Qf3
d5 63.Kg1 Bd4+ 64.Kh2 Qh4+ 65.Qh3 Be5+ 66.Kg1 Qxa4 67.Qe3+ Kf6 68.Qh6+ Kf7 69.
Qh5+ Ke6 70.Qg6+ Bf6 71.Qg8+ Ke5 72.Qb8+ 1/2-1/2

[Event "Prebor mesta Vsetina 2017"]
[Site "?"]
[Date "2017.07.01"]
[Round "1"]
[White "Zvolanek, Libor"]
[Black "Sokolski, Aleksander"]
[Result "1-0"]
[WhiteElo "2176"]
[BlackElo "1868"]
[PlyCount "51"]
[EventDate "2017.??.??"]

1.d4 Nf6 2.Nf3 e6 3.c4 Bb4+ 4.Bd2 a5 5.Qc2 b6 6.e4 d5 7.e5 Ne4 8.Bd3 Bb7 9.O-O
Nxd2 10.Nbxd2 dxc4 11.Be4 Bxe4 12.Qxe4 Qd5 13.Qg4 Nc6 14.Rfd1 O-O-O 15.Ne4 Be7
16.Nc3 Qd7 17.Qe4 Bb4 18.Rac1 Bxc3 19.Rxc3 Qd5 20.Qe2 b5 21.a4 bxa4 22.Rxc4
Nb4 23.Rdc1 c6 24.Ng5 Rd7 25.Ne4 Kb8 26.Nc3 1-0

[Event "Prebor mesta Vsetina 2017"]
[Site "?"]
[Date "2017.07.01"]
[Round "1"]
[White "Lasczak, Przemyslaw"]
[Black "Kapusta, Petr"]
[Result "0-1"]
[WhiteElo "1864"]
[BlackElo "2175"]
[PlyCount "78"]
[EventDate "2017.??.??"]

1.d4 Nf6 2.c4 g6 3.Nc3 Bg7 4.e4 d6 5.f4 O-O 6.Nf3 c5 7.d5 e6 8.Be2 exd5 9.cxd5
Re8 10.Nd2 a6 11.a4 Nbd7 12.O-O Rb8 13.Qc2 Nf8 14.Re1 Bg4 15.Bd3 Nh5 16.g3
Bd4+ 17.Kg2 Nxf4+ 18.gxf4 Qh4 19.Rf1 Bh3+ 20.Kh1 Qg4 21.Nf3 Bxf1 22.Bxf1 Qxf3+
23.Bg2 Qg4 24.a5 Nd7 25.Qd3 Nf6 26.Bd2 Qh4 27.Be1 Bf2 28.Bxf2 Qxf2 29.Qg3 Qxb2
30.Rb1 Qc2 31.e5 Nh5 32.Qe3 Nxf4 33.Qxf4 Qxc3 34.exd6 Re1+ 35.Rxe1 Qxe1+ 36.
Bf1 Rd8 37.Kg1 Qxa5 38.Qe5 Qb4 39.Qe7 Qd4+ 0-1

[Event "Prebor mesta Vsetina 2017"]
[Site "?"]
[Date "2017.07.01"]
[Round "1"]
[White "Bosak, Jan"]
[Black "Zgarba, Radek"]
[Result "1-0"]
[WhiteElo "2151"]
[BlackElo "1838"]
[PlyCount "79"]
[EventDate "2017.??.??"]

1.c4 Nf6 2.Nc3 g6 3.e4 d6 4.d4 Bg7 5.Nf3 O-O 6.Be2 Nbd7 7.O-O e5 8.d5 Nc5 9.
Qc2 a5 10.Ne1 Ne8 11.Be3 b6 12.f3 f5 13.Nd3 f4 14.Bf2 g5 15.a3 Nxd3 16.Qxd3 h5
17.b4 g4 18.c5 bxc5 19.bxc5 gxf3 20.Bxf3 Qg5 21.Nb5 Rf6 22.Rfc1 Bh3 23.Kh1 Bg4
24.Rc2 Rg6 25.Rac1 Rb8 26.a4 h4 27.h3 Bxf3 28.Qxf3 Bf8 29.Be1 dxc5 30.Bxa5 Bd6
31.Be1 Nf6 32.Rb1 Nd7 33.a5 Ra8 34.Ra2 Kf7 35.a6 Nb6 36.Qf2 Qg3 37.Nxd6+ Rxd6
38.Qxc5 Qd3 39.Qxc7+ Rd7 40.Qxb6 1-0

[Event "Prebor mesta Vsetina 2017"]
[Site "?"]
[Date "2017.07.01"]
[Round "1"]
[White "Vraj, Ondrej"]
[Black "Dzikowski, Michal"]
[Result "1/2-1/2"]
[WhiteElo "1816"]
[BlackElo "2147"]
[PlyCount "145"]
[EventDate "2017.??.??"]

1.e4 c6 2.d4 d5 3.exd5 cxd5 4.Bd3 Nc6 5.c3 Nf6 6.h3 g6 7.Nf3 Bf5 8.O-O Bxd3 9.
Qxd3 Bg7 10.Bf4 O-O 11.Re1 Ne4 12.Nbd2 Nd6 13.Ne5 e6 14.Nxc6 bxc6 15.Qa6 Qd7
16.Nb3 Qb7 17.Nc5 Qxa6 18.Nxa6 Nc4 19.b3 Nb6 20.Nc5 Rfe8 21.Bd6 Nc8 22.Bg3 a5
23.Nd7 Ra7 24.Ne5 Ne7 25.Bh2 Rc8 26.Nd3 Nf5 27.Rac1 Bf8 28.Be5 Nd6 29.f3 Ne8
30.g4 g5 31.Bg3 Ng7 32.Be5 Ne8 33.Bg3 Ng7 34.Be5 Be7 35.Bg3 f6 36.f4 h6 37.
fxg5 hxg5 38.Kg2 Kf7 39.Rf1 Kg6 40.Rce1 Rb7 41.h4 gxh4 42.Bxh4 Rh8 43.Rh1 Bd6
44.Bg3 Bxg3 45.Kxg3 Rbb8 46.Rxh8 Rxh8 47.Nf4+ Kf7 48.Nd3 Ne8 49.b4 Nd6 50.Nc5
Ra8 51.a3 axb4 52.axb4 Ra3 53.Re3 Ra8 54.Kf4 Re8 55.Re2 Nb5 56.Re3 Nd6 57.Re2
Nc4 58.Nd3 Rh8 59.Nc5 e5+ 60.dxe5 fxe5+ 61.Rxe5 Nxe5 62.Kxe5 Ke7 63.b5 cxb5
64.Kxd5 Rc8 65.Ne4 Rc7 66.g5 Rc4 67.Ke5 b4 68.cxb4 Rxb4 69.Kf5 Kf7 70.g6+ Kg7
71.Nd6 Rb6 72.Ne8+ Kf8 73.Nc7 1/2-1/2

[Event "Prebor mesta Vsetina 2017"]
[Site "?"]
[Date "2017.07.01"]
[Round "1"]
[White "Husek, Martin"]
[Black "Peterka, Josef"]
[Result "1-0"]
[WhiteElo "2137"]
[BlackElo "1796"]
[PlyCount "127"]
[EventDate "2017.??.??"]

1.e4 e6 2.d4 d5 3.Nd2 c5 4.Ngf3 cxd4 5.exd5 exd5 6.Nb3 Nf6 7.Nbxd4 Be7 8.Bd3
Nc6 9.O-O O-O 10.Nf5 Ne4 11.Nxe7+ Nxe7 12.h3 Ng6 13.c3 b6 14.Re1 Bb7 15.Nd4
Qh4 16.Be3 Ne5 17.Nf3 Nxf3+ 18.Qxf3 f5 19.Bd4 Rae8 20.Bb5 Re7 21.a4 a6 22.Be2
Re6 23.Qh5 Qe7 24.Bd3 g6 25.Qh6 Re8 26.f3 Nf6 27.Rxe6 Qxe6 28.Qg5 Kf7 29.Qh4
h5 30.Qf4 Ng8 31.Qc7+ Re7 32.Qxb6 Qxb6 33.Bxb6 Re6 34.a5 Nf6 35.Kf2 Nd7 36.Bd4
Nb8 37.g4 fxg4 38.hxg4 hxg4 39.Rh1 Nd7 40.Rh7+ Ke8 41.fxg4 Kd8 42.Rg7 Bc8 43.
Rxg6 Rxg6 44.Bxg6 Nf8 45.Bh5 Ne6 46.g5 Nf4 47.Bf6+ Kd7 48.Bg4+ Ne6 49.Bh5 Kd6
50.Bd4 Nf4 51.Bg4 Bxg4 52.Kg3 Bf5 53.Kxf4 Bc2 54.b4 Bd3 55.Ke3 Bb5 56.g6 Ke7
57.Kf4 Kf8 58.Kf5 Bd3+ 59.Kf6 Bc4 60.g7+ Kg8 61.Ke6 Bb3 62.b5 axb5 63.a6 b4
64.a7 1-0

[Event "Prebor mesta Vsetina 2017"]
[Site "?"]
[Date "2017.07.01"]
[Round "1"]
[White "Vraj, Karel"]
[Black "Krejca, Jakub"]
[Result "1/2-1/2"]
[WhiteElo "1778"]
[BlackElo "2115"]
[PlyCount "71"]
[EventDate "2017.??.??"]

1.e4 e6 2.d4 d5 3.exd5 exd5 4.Bd3 Bd6 5.h3 Ne7 6.Nf3 O-O 7.O-O c6 8.b3 Bf5 9.
Bxf5 Nxf5 10.Ba3 Nd7 11.Bxd6 Nxd6 12.Nbd2 Re8 13.c3 Nf6 14.Ne5 Nfe4 15.Nxe4
Nxe4 16.Qd3 f6 17.Nf3 Qa5 18.Rfc1 Re7 19.Nd2 Rae8 20.Nxe4 Rxe4 21.Kf1 Qa3 22.
Re1 Qb2 23.g3 g6 24.b4 Rxe1+ 25.Rxe1 Rxe1+ 26.Kxe1 Qxa2 27.h4 Qa1+ 28.Ke2 Qh1
29.Qe3 Qe4 30.Qxe4 dxe4 31.Ke3 f5 32.Kf4 Kf7 33.Ke5 Ke7 34.c4 b6 35.b5 cxb5
36.cxb5 1/2-1/2

[Event "Prebor mesta Vsetina 2017"]
[Site "?"]
[Date "2017.07.01"]
[Round "1"]
[White "Havelka, Ondrej"]
[Black "Mostek, Jan"]
[Result "1/2-1/2"]
[WhiteElo "2104"]
[BlackElo "1774"]
[PlyCount "36"]
[EventDate "2017.??.??"]

1.d4 Nf6 2.c4 g6 3.Nc3 d5 4.cxd5 Nxd5 5.e4 Nxc3 6.bxc3 Bg7 7.Qa4+ Bd7 8.Qb3 b6
9.Nf3 O-O 10.Bd3 c5 11.O-O Nc6 12.Be3 Bg4 13.Rad1 Bxf3 14.gxf3 cxd4 15.Bb5 Ne5
16.f4 Qc8 17.fxe5 Qg4+ 18.Kh1 Qf3+ 1/2-1/2

[Event "Prebor mesta Vsetina 2017"]
[Site "?"]
[Date "2017.07.01"]
[Round "1"]
[White "Vlachopulos, Elefteris"]
[Black "Horak, Martin"]
[Result "0-1"]
[WhiteElo "1770"]
[BlackElo "2073"]
[PlyCount "98"]
[EventDate "2017.??.??"]

1.d4 e6 2.Nf3 f5 3.g3 Nf6 4.Bg2 Be7 5.O-O O-O 6.c4 d6 7.Nc3 Ne4 8.Qc2 Nxc3 9.
Qxc3 Bf6 10.Qb3 Kh8 11.Rd1 Qe8 12.Ne1 Nc6 13.e3 e5 14.d5 Nd8 15.a4 a5 16.Bd2
b6 17.Bc3 Nb7 18.Qc2 Qh5 19.Bf3 Qh6 20.Bg2 g5 21.b3 Bg7 22.Rac1 f4 23.exf4
gxf4 24.Qb2 Bh3 25.gxf4 Bxg2 26.Nxg2 exf4 27.Bxg7+ Qxg7 28.Qxg7+ Kxg7 29.Re1
Rf7 30.f3 Nc5 31.Rc3 Kg6 32.Re2 Rh8 33.Ne1 Kf5 34.Nd3 Rg8+ 35.Rg2 Rxg2+ 36.
Kxg2 Nd7 37.b4 Re7 38.bxa5 bxa5 39.Nc1 Nb6 40.Rc2 Re3 41.Ne2 Ra3 42.Nd4+ Kf6
43.Nb5 Rxa4 44.Nxc7 Nxc4 45.Kf2 Ke5 46.Re2+ Ne3 47.Nb5 Ra1 48.Rd2 Rh1 49.Rd4
Rxh2+ 0-1

[Event "Prebor mesta Vsetina 2017"]
[Site "?"]
[Date "2017.07.01"]
[Round "1"]
[White "Skalsky, Alexandr"]
[Black "Filak, Josef"]
[Result "1-0"]
[WhiteElo "2071"]
[BlackElo "1765"]
[PlyCount "39"]
[EventDate "2017.??.??"]

1.e4 c5 2.Nf3 Nc6 3.d4 cxd4 4.Nxd4 Nf6 5.Nc3 e6 6.Ndb5 a6 7.Nd6+ Bxd6 8.Qxd6
Qa5 9.Bd2 Qb4 10.Qxb4 Nxb4 11.O-O-O Ng4 12.Be1 b5 13.Be2 Nf6 14.f4 Bb7 15.a3
Nxc2 16.Kxc2 Rc8 17.Kb1 O-O 18.e5 Ne4 19.Bf3 Rxc3 20.Bxc3 1-0

[Event "Prebor mesta Vsetina 2017"]
[Site "?"]
[Date "2017.07.01"]
[Round "1"]
[White "Mlady, Pavel"]
[Black "Pycha, Patrik"]
[Result "1/2-1/2"]
[WhiteElo "1650"]
[BlackElo "2060"]
[PlyCount "80"]
[EventDate "2017.??.??"]

1.e4 e6 2.d4 d5 3.exd5 exd5 4.Nf3 Bd6 5.Bd3 Ne7 6.c3 Bg4 7.h3 Bh5 8.Nbd2 Nd7
9.Qc2 Bg6 10.Bxg6 Nxg6 11.O-O O-O 12.Nb3 Nf6 13.Bg5 h6 14.Be3 Re8 15.Rfe1 Ne4
16.Nc5 Rb8 17.Nd2 Ng5 18.Nd3 Qf6 19.Bxg5 hxg5 20.Rxe8+ Rxe8 21.Re1 Rxe1+ 22.
Nxe1 Qe6 23.Kf1 Nf4 24.Ndf3 f6 25.Qd2 g4 26.hxg4 Qxg4 27.Qe3 Qh5 28.g3 Qh3+
29.Kg1 Ng6 30.Ng2 Kf7 31.Nfh4 Nxh4 32.Nxh4 g5 33.Ng2 Qf5 34.Qe2 Qb1+ 35.Kh2
Qh7+ 36.Kg1 Qe4 37.Ne3 c6 38.a3 Kg6 39.f3 Qb1+ 40.Kg2 Kf7 1/2-1/2

[Event "Prebor mesta Vsetina 2017"]
[Site "?"]
[Date "2017.07.02"]
[Round "2"]
[White "Roubalik, Jakub"]
[Black "Zvolanek, Libor"]
[Result "1/2-1/2"]
[WhiteElo "2391"]
[BlackElo "2176"]
[PlyCount "58"]
[EventDate "2017.??.??"]

1.d4 d6 2.c4 e5 3.d5 f5 4.e4 fxe4 5.Nc3 Nf6 6.Bg5 Be7 7.Bxf6 Bxf6 8.Nxe4 O-O
9.Bd3 c6 10.Ne2 cxd5 11.cxd5 Na6 12.N2c3 Bf5 13.O-O Qd7 14.Qe2 Nc7 15.Rad1 Bd8
16.Kh1 a6 17.Ng3 g6 18.Nge4 Ne8 19.f3 h5 20.Qe3 b5 21.a3 Rb8 22.Qe2 Ng7 23.Na2
a5 24.b4 h4 25.Nac3 axb4 26.axb4 Nh5 27.Bxb5 Qh7 28.Qc4 Ng3+ 29.Kg1 Qa7+
1/2-1/2

[Event "Prebor mesta Vsetina 2017"]
[Site "?"]
[Date "2017.07.02"]
[Round "2"]
[White "Kapusta, Petr"]
[Black "Jasny, Stanislav"]
[Result "1/2-1/2"]
[WhiteElo "2175"]
[BlackElo "2363"]
[PlyCount "100"]
[EventDate "2017.??.??"]

1.e4 c5 2.Nf3 e6 3.d4 cxd4 4.Nxd4 a6 5.Nc3 Qc7 6.Bd3 Bc5 7.Nb3 Be7 8.O-O Nf6
9.f4 d6 10.a4 b6 11.e5 dxe5 12.fxe5 Nfd7 13.Be4 Bb7 14.Bxb7 Qxb7 15.Qg4 Nc6
16.Qxg7 O-O-O 17.Qxf7 Rhg8 18.Qxe6 Rg6 19.Qh3 Rdg8 20.g3 Nxe5 21.Qg2 h5 22.
Qxb7+ Kxb7 23.Bf4 h4 24.Kg2 hxg3 25.hxg3 Nc4 26.Rfe1 Bd6 27.Rad1 Bxf4 28.Rxd7+
Kc8 29.Ree7 Rxg3+ 30.Kf2 Rg2+ 31.Kf3 Ne5+ 32.Kxf4 Nxd7 33.Nd4 Rf8+ 34.Ke3 Rg3+
35.Kd2 Rf2+ 36.Nce2 Rgg2 37.b3 Rf6 38.Kc3 Kd8 39.Rh7 Ne5 40.Nf4 Rg3+ 41.Kb2
Rg4 42.Nfe6+ Kc8 43.Rh8+ Kd7 44.Rb8 Ke7 45.a5 bxa5 46.Rb7+ Nd7 47.Ra7 Rxe6 48.
Nxe6 Kxe6 49.Rxa6+ Kd5 50.Rxa5+ Ke6 1/2-1/2

[Event "Prebor mesta Vsetina 2017"]
[Site "?"]
[Date "2017.07.02"]
[Round "2"]
[White "Wiewiora, Eneasz"]
[Black "Bosak, Jan"]
[Result "1-0"]
[WhiteElo "2290"]
[BlackElo "2151"]
[PlyCount "97"]
[EventDate "2017.??.??"]

1.d4 Nf6 2.c4 g6 3.Nc3 d5 4.Bg5 Ne4 5.Bh4 Nxc3 6.bxc3 Bg7 7.e3 c5 8.Nf3 Nc6 9.
cxd5 Qxd5 10.Be2 cxd4 11.cxd4 Qa5+ 12.Qd2 Qxd2+ 13.Kxd2 O-O 14.Rab1 Rd8 15.
Rhc1 Kf8 16.Ke1 Rd6 17.Rb5 Nd8 18.Rc7 Bf6 19.Bg3 Rc6 20.Rxc6 bxc6 21.Rc5 Bb7
22.Bc4 Ne6 23.Bxe6 fxe6 24.Nd2 Rd8 25.Ra5 c5 26.Rxc5 Bxg2 27.Ra5 Rc8 28.Kd1
Ra8 29.f3 h5 30.h4 Kf7 31.Rc5 Rg8 32.f4 Rb8 33.Kc2 Rb6 34.Nb3 Bd5 35.Ra5 a6
36.Nc5 Bc4 37.Ra4 Bf1 38.Bf2 Rd6 39.e4 Bb5 40.Rb4 Rc6 41.e5 Bg7 42.Kd2 Bf1 43.
a4 Bh6 44.Be3 Bg7 45.Ke1 Bg2 46.a5 g5 47.fxg5 Kg6 48.Rb8 Kf5 49.Rg8 1-0

[Event "Prebor mesta Vsetina 2017"]
[Site "?"]
[Date "2017.07.02"]
[Round "2"]
[White "Horak, Martin"]
[Black "Stepan, Patrik"]
[Result "1-0"]
[WhiteElo "2073"]
[BlackElo "2268"]
[PlyCount "71"]
[EventDate "2017.??.??"]

1.e4 c5 2.Nf3 d6 3.d4 cxd4 4.Nxd4 Nf6 5.Nc3 a6 6.h3 e5 7.Nde2 Be6 8.g4 h6 9.
Bg2 Be7 10.O-O b5 11.a3 Nbd7 12.Be3 Nb6 13.b3 Qc7 14.Qd3 Rd8 15.a4 bxa4 16.
Qxa6 Nfd7 17.Rfc1 h5 18.g5 Nc5 19.Bxc5 dxc5 20.g6 axb3 21.cxb3 O-O 22.Ng3 fxg6
23.Nd5 Bxd5 24.exd5 Bh4 25.Ne4 Rxd5 26.Ra5 Ra8 27.Nf6+ Kf8 28.Qxb6 Qxb6 29.
Rxa8+ Kf7 30.Nxd5 Qxb3 31.Ne3 Qb2 32.Rc2 Qb1+ 33.Bf1 Be7 34.Ra7 Ke6 35.Kg2 Qb6
36.Rxe7+ 1-0

[Event "Prebor mesta Vsetina 2017"]
[Site "?"]
[Date "2017.07.02"]
[Round "2"]
[White "Mudrak, Josef"]
[Black "Husek, Martin"]
[Result "1-0"]
[WhiteElo "2264"]
[BlackElo "2137"]
[PlyCount "97"]
[EventDate "2017.??.??"]

1.d4 Nf6 2.Nf3 e6 3.g3 b5 4.Bg2 Bb7 5.O-O c5 6.c3 Be7 7.Qd3 Qb6 8.Nbd2 cxd4 9.
Nxd4 Bxg2 10.Kxg2 a6 11.a4 b4 12.a5 Qb7+ 13.f3 d5 14.cxb4 Bxb4 15.Qb3 Ra7 16.
Qa4+ Nfd7 17.N2b3 O-O 18.Be3 Bc5 19.Nxc5 Nxc5 20.Qa3 Ncd7 21.Rfc1 e5 22.Nf5 d4
23.Nd6 Qa8 24.Bg5 Nc6 25.Rxc6 Qxc6 26.Rc1 Qa8 27.Be7 Rb8 28.Qa2 Nf6 29.Qxf7+
Kh8 30.Qe6 Qd5 31.Nf7+ Kg8 32.Nh6+ Kh8 33.Rc8+ Rxc8 34.Qxc8+ Ng8 35.Bc5 Rd7
36.Nf5 Rd8 37.Qc7 Rd7 38.Qb6 d3 39.exd3 Rb7 40.Bf8 h6 41.Bxg7+ Kh7 42.Qe3
Rxb2+ 43.Kh3 Qe6 44.g4 Rb5 45.Qa7 Qd5 46.Bxe5+ Rb7 47.Qe3 Qxa5 48.Qe4 Qb4 49.
Nd4# 1-0

[Event "Prebor mesta Vsetina 2017"]
[Site "?"]
[Date "2017.07.02"]
[Round "2"]
[White "Karlik, Vladimir"]
[Black "Skalsky, Alexandr"]
[Result "1/2-1/2"]
[WhiteElo "2207"]
[BlackElo "2071"]
[PlyCount "52"]
[EventDate "2017.??.??"]

1.d4 Nf6 2.Bg5 d5 3.e3 c5 4.Bxf6 exf6 5.dxc5 Bxc5 6.c3 O-O 7.Nd2 f5 8.Nb3 Bb6
9.g3 f4 10.gxf4 Re8 11.Qh5 g6 12.Qg5 f6 13.Qg3 Bf5 14.O-O-O Nc6 15.Bd3 Qc8 16.
Ne2 Bxd3 17.Rxd3 Nb4 18.Rd2 Qc4 19.Qg2 Nd3+ 20.Kb1 Nxf2 21.Rf1 Ne4 22.Rdd1
Bxe3 23.Ng3 Rad8 24.Nf5 Bb6 25.Nfd4 f5 26.Nxf5 Nf6 1/2-1/2